00826nam a2200229 a 450000100060000000300090000600800410001502000150005604000280007108200180009910000390011724500450015626000230020130000100022449000150023465000300024965000250027994200120030499900170031695201400033395201230047323861CO-ViMGA141112s2004 ck r 000 u spa d a9580476713 aCO-ViMGAbspacCO-ViMGA04aCu863.6 P373d1 aPerez de la Iglesia, Janina93456810aEl difraz / cJanina Perez de la Iglesia aColombia : bnorma a256p. aZona libre14a2 : NOVELA AMOROSA93456914aNOVELA CUBANA 92121 2ddccBK c31936d31936 00102ddc40708003aMEVIECARbMEVIECARd2015-12-04h18/ago/2011l0oCu863.6 P373d p24758r2015-12-04 00:00:00tEj. 1w2015-12-04yBK 00102ddc40708GENaMECUMARAbMECUMARAcLITd2024-08-09l0oNPERpCUM1474r2024-08-09 16:01:53tEj.1w2024-08-09yBK